[Event "Osvaldo Pugliese in memorian"]
[Site "SchemingMind.com"]
[Date "2006.10.23"]
[Round "-"]
[White "limajazz"]
[Black "Tahur"]
[Result "1-0"]
[WhiteCountry "GUA"]
[BlackCountry "ARG"]
[WhiteElo "1422"]
[WhiteRD "90"]
[BlackElo "1462"]
[BlackRD "59"]
[GameID "73206"]

1. e4 e5 2. d3 Nc6 3. Nf3 Bc5 4. Qd2 d6 5. h3 h6 6. c3 Nf6 7. b4 Bb6 8. a3 a6 9. Be2 O-O 10. O-O Bd7
11. d4 exd4 12. cxd4 Nxe4 13. Qd3 Bf5 14. d5 Ne7 15. Nh4 Nf6 16. Nxf5 Nxf5 17. Ra2 Ne7 18. Qg3 Nexd5 19. Bxh6 Ne8 20. Bf3 c6
21. Re2 Qf6 22. Bg5 Qg6 23. Rfe1 f6 24. Re6 fxg5 25. Rxg6 Kf7 26. Qxg5 Bd8 27. Qg4 Ndf6 28. Qe6+ Kxg6 29. Be4+ Kh6 30. Bc2 c5
31. Qe3+ g5 32. g4 cxb4 33. h4 Nd5 34. Qe6+ Rf6 35. Qxe8 Nf4 36. Qh8#
1-0

[Event "Osvaldo Pugliese in memorian"]
[Site "SchemingMind.com"]
[Date "2006.10.28"]
[Round "-"]
[White "Tahur"]
[Black "limajazz"]
[Result "0-1"]
[WhiteCountry "ARG"]
[BlackCountry "GUA"]
[WhiteElo "1391"]
[WhiteRD "64"]
[BlackElo "1490"]
[BlackRD "91"]
[GameID "73207"]

1. e4 e5 2. Nf3 d6 3. Bc4 Bg4 4. h3 Bh5 5. g4 Bg6 6. Ng5 Qxg5 7. d3 Qh4 8. Be3 Nh6 9. g5 Bh5 10. Qd2 Ng4
11. Na3 Nxe3 12. Qxe3 Be7 13. Qg3 Qxg5 14. Qxg5 Bxg5 15. Nb5 Bd8 16. Rg1 a6 17. Nc3 b5 18. Bd5 c6 19. Bb3 O-O 20. a3 Kh8
21. a4 b4 22. Na2 c5 23. c3 a5 24. cxb4 cxb4 25. Rc1 Nd7 26. Bd5 Nc5 27. Bxa8 Nxd3+ 28. Kd2 Nxc1 29. Nxc1 h6 30. Bc6 Bg5+
31. Kd3 Rc8 32. Nb3 Rxc6 33. Nxa5 Ra6 34. Nc4 Bg6 35. b3 f6 36. f3 d5 37. Nd2 Kh7 38. Ke2 Bf7 39. exd5 Bxd5 40. Rf1 Bxd2
41. Kxd2 Bxb3 42. Rb1 Rd6+ 43. Ke3 Bxa4 44. Rxb4 Be8 45. Rb8 Bc6 46. Kf2 f5 47. Rf8 f4 48. Rf5 Re6 49. h4 g6 50. Rf7+ Kg8
51. Rc7 g5 52. hxg5 hxg5 53. Kg2 e4 54. fxe4 Bxe4+ 55. Kh3 f3 56. Kg3 Kf8 57. Rc5 Rf6 58. Rc1 Bd3 59. Rc3 Be2 60. Rc8+ Kf7
61. Kf2 g4 62. Rc7+ Kg6 63. Rc8 g3+ 64. Kxg3 f2 65. Rg8+ Kh7 66. Rg5 f1=Q
0-1

[Event "Osvaldo Pugliese in memorian"]
[Site "SchemingMind.com"]
[Date "2006.10.28"]
[Round "-"]
[White "sacuna"]
[Black "limajazz"]
[Result "0-1"]
[WhiteCountry "ARG"]
[BlackCountry "GUA"]
[WhiteElo "1345"]
[WhiteRD "76"]
[BlackElo "1471"]
[BlackRD "88"]
[GameID "73233"]

1. e4 e5 2. Nf3 d6 3. Bb5+ c6 4. Ba4 b5 5. Bb3 Nf6 6. d3 Be7 7. Bg5 Ng4 8. h3 Ne3 9. Bxe3 O-O 10. O-O Nd7
11. d4 a5 12. a4 Ba6 13. axb5 Bxb5 14. c4 Ba6 15. d5 c5 16. Nc3 Nf6 17. Rxa5 Qxa5 18. Qd2 Rfb8 19. Ng5 Rxb3 20. f4 Bxc4
21. Rc1 Rab8 22. Ne2 Qxd2 23. Bxd2 Bxe2 24. fxe5 dxe5 25. Rc3 Rxb2
0-1

[Event "Osvaldo Pugliese in memorian"]
[Site "SchemingMind.com"]
[Date "2006.10.23"]
[Round "-"]
[White "sacuna"]
[Black "Tahur"]
[Result "0-1"]
[WhiteCountry "ARG"]
[BlackCountry "ARG"]
[WhiteElo "1321"]
[WhiteRD "75"]
[BlackElo "1415"]
[BlackRD "60"]
[GameID "73234"]

1. d4 d5 2. e3 Nc6 3. b3 Bf5 4. Bd3 Bxd3 5. Qxd3 e6 6. Ba3 Bxa3 7. Nxa3 Nf6 8. O-O-O Ng4 9. Nh3 Qf6 10. f3 a6
11. fxg4 Nb4 12. Qc3 Nxa2+ 13. Kb2 Nxc3 14. Kxc3 Rc8 15. b4 b6 16. Rhe1 c5 17. bxc5 bxc5 18. Kd3 cxd4 19. exd4 Qg6+ 20. Kd2 Qxg4
21. Kc1 Qxg2 22. Nf4 Qf3 23. Nd3 O-O 24. Rf1 Qe2 25. Rf2 Qe3+ 26. Rdd2 Qxd4 27. Nb2 Qc5 28. Nb1 a5 29. Nd3 Qb6 30. Ne5 Rb8
31. Kd1 Qxb1+ 32. Ke2 Rb2 33. Nd3 Rxc2 34. Rxc2 Qxc2+ 35. Ke3 Qc7 36. Ra2 Qc3 37. Rxa5 Qxa5
0-1

[Event "Osvaldo Pugliese in memorian"]
[Site "SchemingMind.com"]
[Date "2006.10.28"]
[Round "-"]
[White "limajazz"]
[Black "sacuna"]
[Result "1-0"]
[WhiteCountry "GUA"]
[BlackCountry "ARG"]
[WhiteElo "1471"]
[WhiteRD "88"]
[BlackElo "1345"]
[BlackRD "76"]
[GameID "73235"]

1. e4 d5 2. d4 dxe4 3. Be2 e5 4. dxe5 Qxd1+ 5. Bxd1 f5 6. Ne2 Nc6 7. O-O Nxe5 8. Nd4 Bc5 9. Nb5 Kd7 10. a3 c6
11. N5c3 Nf6 12. b4 Bd4 13. Bf4 Ke6 14. Ra2 b6 15. Ne2 Ba6 16. Nxd4+ Kd5 17. Be2 Bxe2 18. Nxe2 c5 19. Rd1+ Kc6 20. Bxe5 Rhe8
21. Bf4 Rad8 22. Nbc3 Rxd1+ 23. Nxd1 Nd5 24. Bd2 f4 25. c4 Nf6 26. b5+ Kb7 27. Nxf4 g5 28. Ne2 Nh5 29. Bxg5 Rg8 30. h4 a6
31. a4 Rd8 32. Bxd8
1-0

[Event "Osvaldo Pugliese in memorian"]
[Site "SchemingMind.com"]
[Date "2006.10.23"]
[Round "-"]
[White "Tahur"]
[Black "sacuna"]
[Result "1-0"]
[WhiteCountry "ARG"]
[BlackCountry "ARG"]
[WhiteElo "1415"]
[WhiteRD "60"]
[BlackElo "1321"]
[BlackRD "75"]
[GameID "73236"]

1. e4 d5 2. exd5 Qxd5 3. Nc3 Qe6+ 4. Qe2 Qxe2+ 5. Bxe2 Nf6 6. Nf3 g6 7. Bc4 Be6 8. Bxe6 fxe6 9. Nb5 Na6 10. d3 c6
11. Nbd4 Nb4 12. a3 c5 13. axb4 cxd4 14. Nxd4 e5 15. Nf3 O-O-O 16. Nxe5 Rg8 17. Rxa7 Kb8 18. Ra5 Rd5 19. Rxd5 Nxd5 20. Nd7+ Kc7
21. Nxf8 Rxf8 22. b5 Nb4 23. Bg5 Nxc2+ 24. Kf1 e5 25. f3 Kb6 26. Kf2 Kxb5 27. Rc1 Nb4 28. Rd1 Rc8 29. Ke3 Rc2 30. Rd2 Rxd2
31. Kxd2 Kc5 32. Be7+ Kb5 33. Bd6 Nc6 34. g3 h5 35. Ke3 g5 36. Ke4 g4 37. fxg4 hxg4 38. Bxe5 Nxe5 39. Kxe5 Kc5 40. h4
1-0

[Event "Osvaldo Pugliese in memorian"]
[Site "SchemingMind.com"]
[Date "2006.10.28"]
[Round "-"]
[White "Negrito19"]
[Black "limajazz"]
[Result "1-0"]
[WhiteCountry "ARG"]
[BlackCountry "GUA"]
[WhiteElo "1560"]
[WhiteRD "56"]
[BlackElo "1422"]
[BlackRD "90"]
[GameID "73270"]

1. e4 e5 2. Nf3 d6 3. Bc4 Qd7 4. Nc3 a6 5. Ng5 b5 6. Bxf7+ Kd8 7. Be6 Qc6 8. Nf7+ Ke7 9. Bd5 Qc5 10. Nxh8 Nf6
11. Bxa8 b4 12. Na4 Qc4 13. d3 Qg8 14. Ng6+ hxg6 15. Bg5 Nd7 16. a3 c5 17. axb4 Ke8 18. Bc6 Nh7 19. Qg4 Be7 20. Bxe7 Kxe7
21. bxc5 Nhf6 22. Qxg6 Nf8 23. cxd6+ Kxd6 24. Bd5 Nxg6 25. Bxg8 Nxg8 26. Nb6 Be6 27. Rxa6 Nf4 28. Nd5+ Kd7 29. O-O g5 30. Ra7+ Ke8
31. Rg7 Nh6 32. Rxg5 Nf7 33. Rg8+ Kd7 34. b4 Ne2+ 35. Kh1 Nh6 36. Rg7+ Nf7 37. f4
1-0

[Event "Osvaldo Pugliese in memorian"]
[Site "SchemingMind.com"]
[Date "2006.10.23"]
[Round "-"]
[White "Negrito19"]
[Black "sacuna"]
[Result "1/2-1/2"]
[WhiteCountry "ARG"]
[BlackCountry "ARG"]
[WhiteElo "1506"]
[WhiteRD "56"]
[BlackElo "1321"]
[BlackRD "75"]
[GameID "73271"]

1. e4 d5 2. e5 f6 3. d4 Nc6 4. Bb5 Qd7 5. Nf3 a6 6. Bxc6 Qxc6 7. Nc3 Bg4 8. O-O O-O-O 9. Bf4 g5 10. Bg3 Bg7
11. h3 Bxf3 12. Qxf3 fxe5 13. Qf5+ Kb8 14. Bxe5 Bxe5 15. Qxe5 Nh6 16. Qxg5 Rhg8 17. Qxe7 Qg6 18. g3 Nf5 19. Qe5 Rde8 20. Qf4 Ref8
21. Nxd5 Rf7 22. Qg4 Qxg4 23. hxg4 Rxg4 24. c3 h5 25. Nf4 h4 26. Nh5 Rg5 27. Nf4 hxg3 28. fxg3 Rxg3+ 29. Ng2 Nd6 30. Kh2 Rxf1
31. Rxf1 Rd3 32. Rf2 b6 33. Nf4 Rd1 34. b3 c5 35. dxc5 bxc5 36. Ne6 c4 37. Rf8+ Kb7 38. b4 Rd2+ 39. Kg3 Rxa2 40. Nc5+ Kc6
41. Rf6 Kd5 42. Kf3 Ra3 43. Ne4 Nxe4 44. Rf5+ Kc6 45. Kxe4 Rxc3 46. Rc5+ Kb6 47. Kd4 Rc1 48. Rxc4 Rxc4+ 49. Kxc4 Kc6 50. Kb3=
1/2-1/2

[Event "Osvaldo Pugliese in memorian"]
[Site "SchemingMind.com"]
[Date "2006.10.23"]
[Round "-"]
[White "Negrito19"]
[Black "Tahur"]
[Result "1-0"]
[WhiteCountry "ARG"]
[BlackCountry "ARG"]
[WhiteElo "1507"]
[WhiteRD "60"]
[BlackElo "1379"]
[BlackRD "63"]
[GameID "73272"]

1. e4 e5 2. Nf3 Nc6 3. Bc4 Nf6 4. Ng5 d5 5. exd5 Nxd5 6. d3 Be7 7. Qh5 Bxg5 8. Bxg5 Qd6 9. Nc3 Be6 10. Nb5 Qb4+
11. Bd2 Qxb2 12. O-O Qxc2 13. Rfd1 a6 14. Bxd5 g6 15. Bxc6+ Qxc6 16. Qxe5 O-O-O 17. Na7+ Kd7 18. Nxc6 bxc6 19. Ba5 Rc8 20. Rab1 Rhe8
21. Qd4+ Bd5 22. Rb7 Ke6 23. Re1+ Kd6 24. Rxe8 Rxe8 25. Bxc7+ Kd7 26. Ba5+ Kd6 27. Bb4+ Ke6 28. Qe3+ Kf5 29. Qxe8 c5 30. Qd7+ Be6
31. Qc6 cxb4 32. Qc5+ Kf6 33. f4 Bxa2 34. Qe5#
1-0

[Event "Osvaldo Pugliese in memorian"]
[Site "SchemingMind.com"]
[Date "2006.10.28"]
[Round "-"]
[White "limajazz"]
[Black "Negrito19"]
[Result "1/2-1/2"]
[WhiteCountry "GUA"]
[BlackCountry "ARG"]
[WhiteElo "1422"]
[WhiteRD "90"]
[BlackElo "1560"]
[BlackRD "56"]
[GameID "73273"]

1. e4 Nc6 2. Bb5 e5 3. Nf3 Nf6 4. Nc3 Bc5 5. O-O Nd4 6. Nxe5 Nxb5 7. Nxb5 d6 8. Nf3 Bg4 9. d4 Bb6 10. Re1 O-O
11. c4 a6 12. Nc3 c5 13. d5 h6 14. e5 dxe5 15. Rxe5 Re8 16. Re1 Bxf3 17. gxf3 Rxe1+ 18. Qxe1 Ba5 19. Bd2 Qd6 20. Ne4 Bxd2
21. Nxd6 Bxe1 22. Rxe1 Rb8 23. a3 b5 24. b3 bxc4 25. bxc4 Rb3 26. Re7 Rxf3 27. Rxf7 Rxa3 28. Ra7 Nh5 29. Ne4 Nf4 30. Ra8+ Kh7
31. f3 Nd3 32. d6 Ne5 33. Nxc5 Nxc4 34. d7 Ra1+ 35. Kf2 Rd1 36. Rxa6=
1/2-1/2

[Event "Osvaldo Pugliese in memorian"]
[Site "SchemingMind.com"]
[Date "2006.10.23"]
[Round "-"]
[White "sacuna"]
[Black "Negrito19"]
[Result "0-1"]
[WhiteCountry "ARG"]
[BlackCountry "ARG"]
[WhiteElo "1321"]
[WhiteRD "75"]
[BlackElo "1506"]
[BlackRD "56"]
[GameID "73274"]

1. d4 d5 2. e3 Bf5 3. Bd3 Qd7 4. Nc3 Nf6 5. f3 e6 6. e4 Bg6 7. exd5 Bb4 8. Bxg6 hxg6 9. a3 Bxc3+ 10. bxc3 Nxd5
11. Qd3 Nc6 12. Bd2 O-O-O 13. c4 Nf6 14. Bg5 e5 15. c3 exd4 16. cxd4 Qe6+ 17. Ne2 Rxd4 18. Qe3 Re8 19. Nxd4 Qxe3+ 20. Bxe3 Nxd4
21. Kd2 Nf5 22. Bxa7 b6 23. Rhe1 Rd8+ 24. Kc3 Kb7 25. Bxb6 cxb6 26. a4 Rc8 27. Reb1 Ne3 28. a5 Nfd5+ 29. Kd2 Nxc4+ 30. Ke1 Re8+
31. Kf2 f5 32. Rb5 Nc3 33. Rb4 Rc8 34. a6+ Ka7 35. Rb3 Na5 36. Rba3 Kxa6 37. Ke3 Nd5+ 38. Kd4 Nb4 39. Rxa5+ bxa5 40. Ke3 Nc2+
0-1

[Event "Osvaldo Pugliese in memorian"]
[Site "SchemingMind.com"]
[Date "2006.10.23"]
[Round "-"]
[White "Tahur"]
[Black "Negrito19"]
[Result "0-1"]
[WhiteCountry "ARG"]
[BlackCountry "ARG"]
[WhiteElo "1379"]
[WhiteRD "63"]
[BlackElo "1507"]
[BlackRD "60"]
[GameID "73275"]

1. e4 d5 2. exd5 Qxd5 3. Nc3 Qe5+ 4. Qe2 Nc6 5. Qxe5 Nxe5 6. Be2 Nf6 7. Nf3 Nxf3+ 8. Bxf3 Bg4 9. Bxg4 Nxg4 10. h3 Ne5
11. d3 O-O-O 12. Bf4 Nc6 13. Nb5 e5 14. Be3 b6 15. a3 a6 16. Nc3 h6 17. O-O g5 18. Rfe1 Rg8 19. Ne4 Rg6 20. c4 f5
21. Nc3 f4 22. Bd2 Rxd3 23. Rad1 g4 24. hxg4 f3 25. Re3 Rxe3 26. Bxe3 Rxg4 27. b3 Rxg2+ 28. Kf1 h5 29. Ke1 Bxa3 30. Bd2 Rg1#
0-1

[Event "Osvaldo Pugliese in memorian"]
[Site "SchemingMind.com"]
[Date "2006.10.28"]
[Round "-"]
[White "crespov"]
[Black "limajazz"]
[Result "1-0"]
[WhiteCountry "CHI"]
[BlackCountry "GUA"]
[WhiteElo "1661"]
[WhiteRD "98"]
[BlackElo "1422"]
[BlackRD "90"]
[GameID "73279"]

1. c4 e5 2. Nc3 Bc5 3. e3 Nc6 4. Nf3 Nf6 5. a3 O-O 6. d4 exd4 7. exd4 Re8+ 8. Be2 Ne4 9. Nxe4 Rxe4 10. dxc5 Qe7
11. Be3 b6 12. cxb6 axb6 13. O-O Ra5 14. b4 Rh5 15. Ng5 Rxg5 16. Bxg5 Qxg5 17. Re1 Rd4 18. Qb3 d6 19. a4 Qh6 20. Bg4 f5
21. Bf3 Ne5 22. c5+ Be6 23. Qe3 Nxf3+ 24. Qxf3 Bd5 25. Qe3 Qg6 26. Qe8+ Qxe8 27. Rxe8+ Kf7 28. Rc8 c6 29. Rc7+ Kf6 30. cxd6 Ke6
31. d7 Bc4 32. Rxc6+ Kxd7 33. b5 Bd5 34. Rxb6 g5 35. a5 g4 36. g3 h5 37. Kf1
1-0

[Event "Osvaldo Pugliese in memorian"]
[Site "SchemingMind.com"]
[Date "2006.10.23"]
[Round "-"]
[White "crespov"]
[Black "sacuna"]
[Result "1-0"]
[WhiteCountry "CHI"]
[BlackCountry "ARG"]
[WhiteElo "1547"]
[WhiteRD "147"]
[BlackElo "1314"]
[BlackRD "85"]
[GameID "73280"]

1. e4 d5 2. exd5 Qxd5 3. Nc3 Qe6+ 4. Be2 b6 5. d4 Bb7 6. f3 g6 7. Bf4 Na6 8. Qd2 O-O-O 9. O-O-O Bg7 10. d5 Qd7
11. Bb5 c6 12. dxc6 Qxd2+ 13. Rxd2 Rxd2 14. Kxd2 Ba8 15. Bxa6+ Kd8 16. c7+
1-0

[Event "Osvaldo Pugliese in memorian"]
[Site "SchemingMind.com"]
[Date "2006.10.23"]
[Round "-"]
[White "crespov"]
[Black "Tahur"]
[Result "1-0"]
[WhiteCountry "CHI"]
[BlackCountry "ARG"]
[WhiteElo "1547"]
[WhiteRD "147"]
[BlackElo "1379"]
[BlackRD "63"]
[GameID "73281"]

1. d4 d5 2. c4 dxc4 3. e4 Nf6 4. e5 Nd5 5. Nf3 b5 6. b3 cxb3 7. Qxb3 c6 8. Nc3 Nxc3 9. Qxc3 e6 10. Ba3 Bxa3
11. Qxa3 a6 12. Be2 h6 13. O-O f6 14. Bd3 fxe5 15. dxe5 Qc7 16. Rfd1 Nd7 17. Qb4 Nxe5 18. Nxe5 Qxe5 19. Bg6#
1-0

[Event "Osvaldo Pugliese in memorian"]
[Site "SchemingMind.com"]
[Date "2006.10.24"]
[Round "-"]
[White "crespov"]
[Black "Negrito19"]
[Result "1-0"]
[WhiteCountry "CHI"]
[BlackCountry "ARG"]
[WhiteElo "1643"]
[WhiteRD "97"]
[BlackElo "1506"]
[BlackRD "56"]
[GameID "73282"]

1. Nf3 d5 2. d4 Bf5 3. g3 Nf6 4. Nc3 e6 5. Bg2 c5 6. O-O Bd6 7. Nb5 cxd4 8. Bg5 Be7 9. Nfxd4 h6 10. Bf4 Nc6
11. Nxc6 bxc6 12. Nc7+ Kd7 13. Nxa8 Qxa8 14. c3 Bc5 15. b4 Bb6 16. Be5 Ng4 17. Bxg7 Rg8 18. Bd4 Bc7 19. Bc5 a5 20. a3 Qa6
21. e4 Bg6 22. Qxg4 h5 23. Qd1 Qc4 24. exd5 cxd5 25. Qa4+ Kc8 26. Qc6 Rd8 27. Rfc1 f5 28. bxa5 Be8 29. Qxe6+ Bd7 30. Qe3 Re8
31. Qd4 Bxa5 32. Bxd5 Qxd4 33. cxd4 Bd2 34. Rcb1 f4 35. Bb4 Bxb4 36. Rxb4 Bf5 37. a4 Kd7 38. Rc1 Kd6 39. Bf3 Bg4 40. Kg2 Bf5
41. Bxh5 Be4+ 42. Bf3 fxg3 43. Bxe4 Rxe4 44. fxg3 Kd5 45. Kh3 Re7 46. a5 Ra7 47. Ra4 Ke4 48. Rc3 Rf7 49. a6 Ra7 50. Rb3 Kf5
51. Rb7 Ra8 52. a7 Re8 53. Rb8 Re6 54. a8=Q Rg6 55. Qf3+ Ke6 56. Rb6+
1-0

[Event "Osvaldo Pugliese in memorian"]
[Site "SchemingMind.com"]
[Date "2006.10.28"]
[Round "-"]
[White "limajazz"]
[Black "crespov"]
[Result "0-1"]
[WhiteCountry "GUA"]
[BlackCountry "CHI"]
[WhiteElo "1422"]
[WhiteRD "90"]
[BlackElo "1661"]
[BlackRD "98"]
[GameID "73283"]

1. e4 e5 2. d3 Nf6 3. Nd2 Nc6 4. Ngf3 Bc5 5. Nc4 d6 6. Be3 Bxe3 7. Nxe3 O-O 8. h3 d5 9. Be2 d4 10. Nc4 Be6
11. b3 Qe7 12. O-O Bxc4 13. bxc4 Nd7 14. Qd2 Qb4 15. Qg5 Qe7 16. Qg3 Nb4 17. Ne1 f5 18. f4 fxe4 19. dxe4 Qc5 20. Nd3 Qxc4
21. fxe5 Nxd3 22. cxd3 Qe6 23. Bg4 Qxe5 24. Qxe5 Nxe5 25. Be6+ Kh8 26. g4 Nxd3 27. h4 Nc5 28. Bd5 c6 29. Rf5 g6 30. Rf2 Nd3
31. Rxf8+ Rxf8 32. Bc4 Ne5 33. Bf1 Nf3+ 34. Kg2 Nxh4+ 35. Kg3 Nf3 36. a4 Nd2 37. Bd3 Nb3 38. Rf1 Rxf1 39. Bxf1 Nc5 40. e5 Kg7
41. Kf4 h6 42. g5 h5
0-1

[Event "Osvaldo Pugliese in memorian"]
[Site "SchemingMind.com"]
[Date "2006.10.23"]
[Round "-"]
[White "sacuna"]
[Black "crespov"]
[Result "0-1"]
[WhiteCountry "ARG"]
[BlackCountry "CHI"]
[WhiteElo "1321"]
[WhiteRD "75"]
[BlackElo "1643"]
[BlackRD "97"]
[GameID "73284"]

1. d4 d5 2. e3 Nc6 3. b3 Nf6 4. Ba3 Bf5 5. Bd3 Qd7 6. Bxf5 Qxf5 7. Qd3 Qxd3 8. cxd3 O-O-O 9. Nf3 e6 10. Bxf8 Rdxf8
11. e4 dxe4 12. dxe4 Nxe4 13. O-O Nb4 14. Nbd2 Nxd2 15. Nxd2 Nc2 16. Rac1 Nxd4 17. f3 Ne2+ 18. Kf2 Nxc1 19. Rxc1 Rd8 20. Ne4 f5
21. Nc5 e5 22. Ne6 Rd7 23. Nc5 Rd2+ 24. Ke3 Rxg2 25. f4 e4 26. Ne6 c6 27. Kd4 g6 28. a4 Rxh2 29. b4 Re8 30. Ng5 Re7
31. b5 Kc7 32. bxc6 bxc6 33. a5 h6 34. a6 hxg5 35. Rb1 Kd6 36. fxg5 Ra2
0-1

[Event "Osvaldo Pugliese in memorian"]
[Site "SchemingMind.com"]
[Date "2006.10.23"]
[Round "-"]
[White "Tahur"]
[Black "crespov"]
[Result "0-1"]
[WhiteCountry "ARG"]
[BlackCountry "CHI"]
[WhiteElo "1415"]
[WhiteRD "60"]
[BlackElo "1643"]
[BlackRD "97"]
[GameID "73285"]

1. e4 c5 2. Bc4 e6 3. d3 d5 4. exd5 exd5 5. Bb3 Nf6 6. Nc3 Bg4 7. f3 Be6 8. Be3 d4 9. Bxe6 fxe6 10. Bg5 dxc3
11. bxc3 Be7 12. d4 Qa5 13. Ne2 cxd4 14. Qxd4 Qxg5 15. Rg1 O-O 16. Qc4 Qd5 17. Qxd5 Nxd5 18. c4 Nb4 19. Kd1 Rd8+ 20. Kc1 Bf6
21. c3 N8c6 22. a3 Nd3+ 23. Kc2 Nce5 24. Rgd1 Rac8 25. f4 Nxc4 26. Rxd3 Rxd3 27. Kxd3 e5 28. g3 exf4 29. gxf4 Na5 30. Rb1 b6
31. a4 Rd8+ 32. Kc2 Nc4 33. Rb4 Ne3+ 34. Kb3 g5 35. fxg5 Bxg5 36. Nd4 Rc8 37. Nb5 a5 38. Re4 Nf1 39. Re2 h6 40. Nd6 Rc6
41. Nf5 Rc5 42. Nd6 Nd2+ 43. Kc2 Nc4 44. Ne4 Re5 45. Kd3 Na3 46. Ra2 Rd5+ 47. Ke2 Nc4 48. h3= Nd6 49. Nxg5 hxg5 50. Rd2= Rxd2+
51. Kxd2= Kg7 52. Kd3 Kg6 53. Kd4 Kh5 54. Ke5 Nf7+ 55. Kf6= Nd6 56. Ke5 Nc8 57. Kf6 Kh4 58. Kg6 Nd6 59. Kh6 Ne4 60. c4 Kxh3
61. Kh5 g4 62. Kg6 g3 63. Kf5 Nc5 64. Kf4 Kh2 65. Ke5 g2
0-1

[Event "Osvaldo Pugliese in memorian"]
[Site "SchemingMind.com"]
[Date "2006.10.24"]
[Round "-"]
[White "Negrito19"]
[Black "crespov"]
[Result "0-1"]
[WhiteCountry "ARG"]
[BlackCountry "CHI"]
[WhiteElo "1506"]
[WhiteRD "56"]
[BlackElo "1643"]
[BlackRD "97"]
[GameID "73286"]

1. e4 e5 2. Nf3 Nc6 3. Nc3 Nf6 4. d4 exd4 5. Nxd4 Bc5 6. Nf5 O-O 7. Bf4 d6 8. Qf3 Nd4 9. Nxd4 Bxd4 10. Bg5 h6
11. Be3 Bxc3+ 12. bxc3 Re8 13. Bc4 Be6 14. Bxe6 Rxe6 15. O-O Nxe4 16. Bd4 c5 17. Rfe1 Qe7 18. Be3 Re8 19. Qg4 Nxc3 20. h3 Qf6
21. a4 Nd5 22. Ra3 Nb4 23. Rb3 Nxc2 24. Re2 Nxe3 25. fxe3 b6 26. Rf2 Qa1+ 27. Rf1 Qe5 28. Rf5= Qe4 29. Rf4 Qc2 30. Ra3 Qc1+
31. Rf1= Qxa3 32. e4 Qe3+ 33. Kh2 Qxe4 34. Qh5 Qe5+ 35. Qxe5 Rxe5 36. g4 Re2+ 37. Kg3 g5 38. Rf6 R8e3+ 39. Rf3 Rxf3+ 40. Kxf3 Ra2
41. Ke4 Kf8 42. Kd5 Ke7 43. Kc6 Rxa4 44. Kb5 Ra5+ 45. Kc6 c4 46. Kc7 c3 47. Kb7 Kd7 48. Kb8 c2 49. Kb7 c1=Q
0-1

[Event "Osvaldo Pugliese in memorian"]
[Site "SchemingMind.com"]
[Date "2006.10.24"]
[Round "-"]
[White "alejandra"]
[Black "limajazz"]
[Result "0-1"]
[WhiteCountry "ARG"]
[BlackCountry "GUA"]
[WhiteElo "1168"]
[WhiteRD "84"]
[BlackElo "1471"]
[BlackRD "88"]
[GameID "73301"]

1. d4 d5 2. Nf3 e6 3. Bf4 Bd6 4. e3 Bxf4 5. exf4 Nf6 6. Nc3 O-O 7. Bd3 Kh8 8. Ng5 Nc6 9. Bxh7 Nxh7 10. Qh5 Qxg5
11. fxg5 Nxd4 12. O-O Nxc2 13. Rad1 g6
0-1

[Event "Osvaldo Pugliese in memorian"]
[Site "SchemingMind.com"]
[Date "2006.10.24"]
[Round "-"]
[White "alejandra"]
[Black "sacuna"]
[Result "0-1"]
[WhiteCountry "ARG"]
[BlackCountry "ARG"]
[WhiteElo "1166"]
[WhiteRD "83"]
[BlackElo "1395"]
[BlackRD "76"]
[GameID "73302"]

1. Nc3 e5 2. Nf3 d6 3. e4 f5 4. Bb5+ Bd7 5. O-O Bxb5 6. Nxb5 fxe4 7. Ne1 Qd7 8. c4 c6 9. Nc3 d5 10. c5 Bxc5
11. d3 exd3 12. Nxd3 Bd4 13. Qe1 Bxc3 14. bxc3 e4 15. Nf4 Na6 16. Ba3 O-O-O 17. Qe2 Nh6 18. Rab1 g5 19. Nh5 c5 20. Qb2 Rhf8
21. Rfd1 Ng4 22. Rxd5 Qc6 23. Rxg5 Rxf2
0-1

[Event "Osvaldo Pugliese in memorian"]
[Site "SchemingMind.com"]
[Date "2006.10.23"]
[Round "-"]
[White "alejandra"]
[Black "Tahur"]
[Result "0-1"]
[WhiteCountry "ARG"]
[BlackCountry "ARG"]
[WhiteElo "1166"]
[WhiteRD "83"]
[BlackElo "1462"]
[BlackRD "59"]
[GameID "73303"]

1. Nf3 d5 2. d4 Bf5 3. Bf4 Nc6 4. e3 e6 5. Nc3 a6 6. Bd3 Bxd3 7. cxd3 Bb4 8. Bg5 f6 9. Bf4 g5 10. Bg3 b5
11. O-O Bxc3 12. bxc3 g4 13. Nd2 e5 14. Qxg4 exd4 15. Qg7 Nce7 16. Qxh8 h6 17. Bf4 Kd7 18. cxd4 Qf8 19. Qh7 Rc8 20. Nb3 Ke8
21. Bd6 cxd6 22. Rac1 Rxc1 23. Rxc1 f5 24. Rc8+ Nxc8 25. Qb7 Kd8 26. Qxa6 Qe8 27. Na5 f4 28. Nc6+ Kc7 29. Qxb5 Qxc6
0-1

[Event "Osvaldo Pugliese in memorian"]
[Site "SchemingMind.com"]
[Date "2006.10.24"]
[Round "-"]
[White "alejandra"]
[Black "Negrito19"]
[Result "0-1"]
[WhiteCountry "ARG"]
[BlackCountry "ARG"]
[WhiteElo "1240"]
[WhiteRD "91"]
[BlackElo "1551"]
[BlackRD "55"]
[GameID "73304"]

1. d4 d5 2. Nc3 Nf6 3. Bf4 Nc6 4. Qd2 Bf5 5. O-O-O e6 6. e3 Bb4 7. Bb5 Ne4 8. Qe1 O-O 9. f3 Nxc3 10. bxc3 Ba3+
11. Kb1 a6 12. Bd3 b5 13. Qg3 Qf6 14. Bxc7 Bxd3 15. Rxd3 b4 16. Nh3 bxc3 17. Rxc3 Qe7 18. Bf4 Rfc8 19. Bh6 g6 20. Bf4 e5
21. Bg5 f6 22. Bh4 Rab8+ 23. Rb3 Na5 24. Qe1 Nxb3 25. Qe2 Nxd4+ 26. Ka1 Nxe2 27. Be1 Rxc2
0-1

[Event "Osvaldo Pugliese in memorian"]
[Site "SchemingMind.com"]
[Date "2006.10.24"]
[Round "-"]
[White "alejandra"]
[Black "crespov"]
[Result "0-1"]
[WhiteCountry "ARG"]
[BlackCountry "CHI"]
[WhiteElo "1166"]
[WhiteRD "83"]
[BlackElo "1661"]
[BlackRD "98"]
[GameID "73305"]

1. Nf3 Nf6 2. d4 d5 3. Bf4 e6 4. Qd2 c5 5. dxc5 Bxc5 6. e3 O-O 7. a4 Nc6 8. Be2 Bb4 9. c3 Ne4 10. Qd3 Bd6
11. c4 Qa5+ 12. Nc3 Bb4 13. O-O Nxc3 14. Ng5 Nxe2+ 15. Kh1 f5 16. Qxe2 Be7 17. Qh5 Bxg5 18. Qxg5 Qd8 19. Qg3 Qf6 20. Bg5 Qg6
21. cxd5 exd5 22. Rad1 h6 23. Rxd5 Qxg5 24. Qd6 Qf6 25. b4 Qxd6 26. Rxd6 Nxb4 27. Rfd1 b6 28. R1d4 Na6 29. Rf4 Nc5 30. Rg6 Nd3
31. Rf3 Ne5 32. Rfg3 Nxg6 33. Rxg6 Bd7 34. h4 Bxa4
0-1

[Event "Osvaldo Pugliese in memorian"]
[Site "SchemingMind.com"]
[Date "2006.10.28"]
[Round "-"]
[White "limajazz"]
[Black "alejandra"]
[Result "1-0"]
[WhiteCountry "GUA"]
[BlackCountry "ARG"]
[WhiteElo "1471"]
[WhiteRD "88"]
[BlackElo "1168"]
[BlackRD "84"]
[GameID "73306"]

1. e4 e5 2. d4 d6 3. d5 Nf6 4. Nc3 Bg4 5. Be2 g6 6. f3 Bh5 7. g4 Bxg4 8. fxg4 Nfd7 9. Be3 Nc5 10. Qd2 Rg8
11. O-O-O
1-0

[Event "Osvaldo Pugliese in memorian"]
[Site "SchemingMind.com"]
[Date "2006.10.24"]
[Round "-"]
[White "sacuna"]
[Black "alejandra"]
[Result "1-0"]
[WhiteCountry "ARG"]
[BlackCountry "ARG"]
[WhiteElo "1395"]
[WhiteRD "76"]
[BlackElo "1166"]
[BlackRD "83"]
[GameID "73307"]

1. b3 e5 2. Ba3 d6 3. d4 Nc6 4. dxe5 Nxe5 5. Nf3 Bf5 6. Nxe5 dxe5 7. Bxf8 Kxf8 8. Qxd8+ Rxd8 9. Na3 Nf6 10. f3 h5
11. e4 Be6 12. Bc4 Kg8 13. Bxe6 fxe6 14. Rd1 Rd6 15. Rxd6 cxd6 16. Nb5 a6 17. Nxd6 Kh7 18. O-O h4 19. Nxb7 Nh5 20. Nc5 Nf4
21. g3 hxg3 22. hxg3 Nh5 23. Nxe6 Nxg3 24. Rd1
1-0

[Event "Osvaldo Pugliese in memorian"]
[Site "SchemingMind.com"]
[Date "2006.10.23"]
[Round "-"]
[White "Tahur"]
[Black "alejandra"]
[Result "1-0"]
[WhiteCountry "ARG"]
[BlackCountry "ARG"]
[WhiteElo "1462"]
[WhiteRD "59"]
[BlackElo "1166"]
[BlackRD "83"]
[GameID "73308"]

1. e4 Nf6 2. Nc3 e5 3. Bc4 Bc5 4. Nf3 d6 5. d3 O-O 6. h3 Nc6 7. Bg5 Qe8 8. Bxf6 gxf6 9. Nd5 Qd8 10. a3 Rb8
11. c3 b5 12. Bb3 Na5 13. d4 Bb6 14. Nxb6 Rxb6 15. O-O Kh8 16. Qc2 Rg8 17. Bxf7 Bxh3 18. Nh4 Qd7 19. Bxg8 Qg4 20. Qd3 Bxg2
21. Nxg2 Qxg8 22. dxe5 Qg7 23. exf6 Qxf6 24. Qd4 Qg7 25. Qxg7+ Kxg7 26. Rae1 Nc4 27. Nf4 Rb8 28. Ne6+ Kf7 29. Nxc7 Rg8+ 30. Kh2
1-0